Competition Policy and Intellectual Property

Bibliographic Details
Main Author: Vaver, David
Other Authors: Boyer, Marcel, Trebilcock, Michael
Format: eBook
Language:English
Published: Toronto: Irwin Law Inc., 2009
Subjects:
Online Access:Acceso restringido

MARC

LEADER 00000nam a22000007a 4500
005 20210902214722.0
007 cr|||| ||||
008 210902s2009 ca |||||s|||| 00||0 eng d
020 |a 9781459336728 
035 |a 35356 
040 |a vLex 
090 |c 12216  |d 12216 
100 1 |a Vaver, David 
245 1 0 |a Competition Policy and Intellectual Property  |h [Recurso electrn̤ico] /  |c David Vaver, Marcel Boyer 
256 |a Servicio en ln̕ea 
260 |a Toronto:  |b Irwin Law Inc.,  |c 2009 
300 |a 1 recurso electrn̤ico 
500 |a This title contains discussions that explore the role of competition policy and intellectual property rights in promoting an efficient and innovative economy. This volume contains a collection of papers and commentaries stemming from a March 2005 symposium, which was organized in co-operation by the Competition Bureau, the Canadian Intellectual Property Office, and the Micro-economic Policy Analysis and Marketplace Framework Policy branches of Industry Canada. Given developments such as the prevalence of authorized generic pharmaceuticals, the apparent extension of intellectual property rights, and rapid advancements in communications technology such as digitization, many concerns have emerged about if the customary methods of licensing IP rights remain the most efficient mechanisms for disseminating IP and encouraging its creation.The papers and commentaries contained in this book reflect an intensive evaluation of these concerns and endeavour to find the right balance between creating incentives for innovation and the encouragement of vigorous competition in the marketplace. 
506 1 |a Disponible solo en los productos indicados  |d vLex Global  |d vLex Global (Academic Edition, excluding Law Schools)  |d vLex Global (U.S. Academic Edition, Law Schools)  |d vLex Global (U.S. Academic Edition, excluding Law Schools)  |d vLex Global (Academic Edition, Law Schools) 
650 0 4 |a Propiedad Intelectual  |z Canad̀ 
700 1 |a Boyer, Marcel 
700 1 |a Trebilcock, Michael 
740 0 |a vLex Libros (Servicio en ln̕ea) 
856 4 0 |u https://app.vlex.com/#/sources/35356  |z Acceso restringido 
942 |c BOOK 
999 0 |a Intellectual property